Entremeses (Registro nro. 17619)

Detalles MARC
000 -CABECERA
Longitud fija campo de control 00610nam a22002177a 4500
003 - IDENTIFICADOR DELl NÚMERO DE CONTROL
Identificador del número de control OSt
005 - FECHA Y HORA DE LA ÚLTIMA TRANSACCIÓN
Fecha y hora de la última transacción 20150317113110.0
008 - CÓDIGOS DE INFORMACIÓN DE LONGITUD FIJA
Códigos de información de longitud fija 150123b xxu||||| |||| 00| 0 eng d
020 ## - NÚMERO INTERNACIONAL NORMALIZADO PARA LIBROS
Número Internacional Normalizado para Libros (ISBN) 968-432-313-1
040 ## - FUENTE DE LA CATALOGACIÓN
Centro transcriptor BMC
082 ## - NÚMERO DE LA CLASIFICACIÓN DECIMAL DEWEY
Númeroo de clasificación 862
100 1# - PUNTO DE ACCESO PRINCIPAL-NOMBRE DE PERSONA
Nombre de persona Cervantes Saavedra, Miguel
9 (RLIN) 63
Fechas asociadas al nombre 1547-1616
245 10 - MENCIÓN DE TÍTULO
Título Entremeses
Mención de responsabilidad, etc. Miguel de Cervantes Saavedra ; introducción de Arturo Souto
250 ## - MENCIÓN DE EDICIÓN
Mención de edición 11ª ed
260 ## - PUBLICACIÓN, DISTRIBUCIÓN, ETC. (PIE DE IMPRENTA)
Lugar de publicación, distribución, etc. México D.F.
Nombre del editor, distribuidor, etc. Porrúa
Fecha de publicación, distribución, etc. 1997
300 ## - DESCRIPCIÓN FÍSICA
Extensión XXXI, 192 p.
Dimensiones 22 cm
490 ## - MENCIÓN DE SERIE
Mención de serie Sepan Cuantos...
Designación de volumen o secuencia 98
650 24 - PUNTO DE ACCESO ADICIONAL DE MATERIA - TÉRMINO DE MATERIA
9 (RLIN) 2144
Término de materia o nombre geográfico como elemento inicial Teatro español
700 1# - PUNTO DE ACCESO ADICIONAL - NOMBRE DE PERSONA
Nombre de persona Souto, Arturo
9 (RLIN) 30578
942 ## - ENTRADA DE ELEMENTOS AGREGADOS (KOHA)
Fuente de clasificaión o esquema Dewey Decimal Classification
Koha [por defecto] tipo de item 1- Monografias
Existencias
Suprimido Perdido Fuente de clasificación o esquema Estropeado Restricciones de uso No para préstamo Código de colección Localización permanente Localización actual Localización en estanter&íacute;as Fecha adquisición Fuente de adquisición Número de inventario Préstamos totales Signatura completa Código de barras Fecha última consulta Coste, precio reemplazado Fecha del precio de reemplazo Tipo de item de Koha
NULL NULL Dewey Decimal Classification NULL Prestable NULL NULL Biblioteca Miguel de Cervantes - UNICAES Biblioteca Miguel de Cervantes - UNICAES Sala Principal 27/01/2015 Donación - Toshiaki 027200   T CER ent 1027610 27/01/2015 18.00 27/01/2015 1- Monografias